LEADER 00972nam a2200265 4500 001 000000367314 003 CaOOAMICUS 005 20260423145442.0 008 260417s2002 it a 000 u ita r 020 $a88-7063-595-3 040 $aSeMil$bita 100 1 $aCallan, Lou.$0(OLS)http://semarc/name/124172 245 10$aIrlanda /$cLou Callan ... [et. al.]. 250 $a3. ed. 264 1$aTorino :$bEDT,$c2002. 300 $aXIX, 944 p., [2] c. di tav. :$bill. ;$c19 cm 500 $aIn testa al front.: Lonely planet 650 4$aIrlanda - Guide.$0(OLS)http://semarc/subject/29870 850 $aSeMil 852 $aSeMil$W1$xVenegono$y1$m4Y I 50$j270810$B258027$CSeMilBibl$Z2$F258027 $81 961 $aCaspani Maurizio - Lascito 996 $6020$a88-7063-595-3$9(OLS)http://semarc/number/305689 996 $6245$aIrlanda$9(OLS)http://semarc/title/459221 996 $6264$aTorino :$bEDT$9(OLS)http://semarc/publisher/30301